000 01054cam a2200301 a 4500
001 1390662
003 OSt
005 20260224112639.0
008 830730s1983 iaua 001 0 eng
010 _a 82083544
020 _a0697047865 (pbk.)
040 _aDLC
_cDDC
_dDLC
043 _an-us---
050 0 0 _aQL652
_b.B3 1983
082 0 0 _a597.8BAL 1983
100 1 _aBallinger, Royce E.; Lynch, John D.
_914349
245 1 0 _aHow to know the Amphibians and Reptiles
260 _aDubuque, Iowa :
_bW.C. Brown Co.,
_cc1983.
300 _aviii, 229 p. :
_bill. ;
_c24 cm.
440 4 _aThe Pictured key nature series
_914350
500 _aIncludes index.
650 0 _aReptiles
_zUnited States
_xIdentification.
_914351
650 0 _aAmphibians
_zUnited States
_xIdentification.
_914352
856 4 2 _3Publisher description
_uhttp://www.loc.gov/catdir/description/mh022/82083544.html
856 4 1 _3Table of contents
_uhttp://www.loc.gov/catdir/toc/mh021/82083544.html
906 _a7
_bcbc
_corignew
_d2
_eopcn
_f19
_gy-gencatlg
942 _2ddc
_cO_SHELF
999 _c6998
_d6998